| 000 | 00572nam a2200205 i 4500 | ||
|---|---|---|---|
| 001 | 72091 | ||
| 003 | ES-MaACL | ||
| 005 | 20230906171325.0 | ||
| 007 | t| | ||
| 008 | 040825s1976 sp ||||1| spa d | ||
| 100 | 1 |
_aGil Robles, Jaime. _956868 |
|
| 245 | 1 | 0 |
_aFederación Popular Democrática / _cJaime Gil Robles. |
| 250 | _a[1ª ed.]. | ||
| 260 |
_a[Barcelona] : _bAvance, _c[1976] |
||
| 300 |
_a119 p. ; _c19 cm. |
||
| 490 | 1 |
_aSerie política ; _v2 |
|
| 830 | 0 |
_aSerie política ; _v2 _9183350 |
|
| 852 |
_aES-MaACL _jA-5774 _bR.94801 |
||
| 999 |
_c72091 _d72091 |
||